Southville International School and Colleges
Your cart is empty.
  • Cart
  • Lists
    Public lists Eva Luna New books Lux_list list_1
    Your lists Log in to create your own lists
  • Log in to your account
  • Your cookies
  • Search history
Southville International School and Colleges
  • Advanced search
  • Recent comments
  • Most popular
  • Libraries

Log in to your account

Log in with GOOGLE


If you do not have an external account, but do have a local account, you can still log in:

  1. Home
  2. MARC view: My thirteenth winter :
Normal view MARC view ISBD view

My thirteenth winter : (Record no. 34962)

[ view plain ]
MARC details
000 -LEADER
fixed length control field 01123cam a22003374a 4500
001 - CONTROL NUMBER
control field 13048905
003 - CONTROL NUMBER IDENTIFIER
control field OSt
005 - DATE AND TIME OF LATEST TRANSACTION
control field 20140310184517.0
008 - FIXED-LENGTH DATA ELEMENTS--GENERAL INFORMATION
fixed length control field 030106s2003 nyu 000 0aeng
010 ## - LIBRARY OF CONGRESS CONTROL NUMBER
LC control number 2003040465
020 ## - INTERNATIONAL STANDARD BOOK NUMBER
International Standard Book Number 0439339057
020 ## - INTERNATIONAL STANDARD BOOK NUMBER
International Standard Book Number 9780439339056
040 ## - CATALOGING SOURCE
Original cataloging agency DLC
Transcribing agency DLC
Modifying agency DLC
042 ## - AUTHENTICATION CODE
Authentication code pcc
050 00 - LIBRARY OF CONGRESS CALL NUMBER
Classification number RJ 496.A25
Item number .Ab244 2007
100 1# - MAIN ENTRY--PERSONAL NAME
Personal name Abeel, Samantha,
Dates associated with a name 1977-
9 (RLIN) 29500
245 10 - TITLE STATEMENT
Title My thirteenth winter :
Remainder of title a memoir /
Statement of responsibility, etc Samantha Abeel.
260 ## - PUBLICATION, DISTRIBUTION, ETC. (IMPRINT)
Place of publication, distribution, etc New York :
Name of publisher, distributor, etc Orchard Books
Date of publication, distribution, etc 2003.
300 ## - PHYSICAL DESCRIPTION
Extent 203 p. ;
Dimensions 22 cm.
521 ## - TARGET AUDIENCE NOTE
Target audience note
526 ## - STUDY PROGRAM INFORMATION NOTE
Reading level 1050
600 10 - SUBJECT ADDED ENTRY--PERSONAL NAME
Personal name Abeel, Samantha,
Dates associated with a name 1977-
9 (RLIN) 29501
650 #0 - SUBJECT ADDED ENTRY--TOPICAL TERM
Topical term or geographic name as entry element Acalculia in children
General subdivision Patients
Form subdivision Biography.
9 (RLIN) 29502
650 #0 - SUBJECT ADDED ENTRY--TOPICAL TERM
Topical term or geographic name as entry element Learning disabled children
Form subdivision Biography.
9 (RLIN) 29503
856 42 - ELECTRONIC LOCATION AND ACCESS
Materials specified Publisher description
Uniform Resource Identifier <a href="http://www.loc.gov/catdir/description/schol051/2003040465.html">http://www.loc.gov/catdir/description/schol051/2003040465.html</a>
906 ## - LOCAL DATA ELEMENT F, LDF (RLIN)
a 7
b cbc
c orignew
d 1
e ocip
f 20
g y-gencatlg
942 ## - ADDED ENTRY ELEMENTS (KOHA)
Source of classification or shelving scheme Library of Congress Classification
Koha item type
Holdings
Withdrawn status Lost status Source of classification or shelving scheme Damaged status Home library Current library Shelving location Date acquired Total Checkouts Full call number Barcode Date last seen Copy number Price effective from Koha item type
    Library of Congress Classification   Luxembourg Library Luxembourg Library Scholastic Reading Center Section 10/16/2013   RJ 496.A25 .Ab244 2007 SCHO0024 04/18/2017 1 10/16/2013 Books
    Library of Congress Classification   Luxembourg Library Luxembourg Library Scholastic Reading Center Section 10/23/2013   RJ 496.A25 .Ab244 2007 SCHO0025 10/23/2013 2 10/23/2013 Books

My thirteenth winter :

APA

Abeel S., . (2003). My thirteenth winter. New York: Orchard Books.

Chicago

Abeel Samantha, . 2003. My thirteenth winter. New York: Orchard Books.

Harvard

Abeel S., . (2003). My thirteenth winter. New York: Orchard Books.

MLA

Abeel Samantha, . My thirteenth winter. New York: Orchard Books. 2003.

  • Place hold
  • Print
  • Cite
  • Add to your cart (remove)
  • Save record
    BIBTEX Dublin Core MARCXML MARC (non-Unicode/MARC-8) MARC (Unicode/UTF-8) MARC (Unicode/UTF-8, Standard) MODS (XML) RIS
  • More searches
    Search for this title in:
    Other Libraries (WorldCat) Other Databases (Google Scholar) Online Stores (Bookfinder.com) Open Library (openlibrary.org)

Exporting to Dublin Core...

SOUTHVILLE LIBRARY

Southville International School and Colleges Library

1281 Tropical Ave. Cor. Luxembourg St., BF Homes International, Las Pinas City

Tel. No. 8256374 / 252358 Loc. 117/146

Powered by Koha